Evidence : Cases and materials / (Record no. 67583)

MARC details
000 -LEADER
fixed length control field 00544nam a22001577a 4500
005 - DATE AND TIME OF LATEST TRANSACTION
control field 20120606143228.0
020 ## - INTERNATIONAL STANDARD BOOK NUMBER
International Standard Book Number 8180380173
Terms of availability 350.00
035 ## - SYSTEM CONTROL NUMBER
System control number B-90315
037 ## - SOURCE OF ACQUISITION
Stock number DPL
Source of stock number/acquisition ENG
100 ## - MAIN ENTRY--PERSONAL NAME
Personal name Rao, SV Joga
245 ## - TITLE STATEMENT
Title Evidence : Cases and materials /
Statement of responsibility, etc by SV Joga Rao
260 ## - PUBLICATION, DISTRIBUTION, ETC. (IMPRINT)
Place of publication, distribution, etc New Delhi
Name of publisher, distributor, etc Lexis Nexis
Date of publication, distribution, etc 2003
300 ## - PHYSICAL DESCRIPTION
Extent xxviii, 632p.
Dimensions 22 cms.
942 ## - ADDED ENTRY ELEMENTS (KOHA)
Source of classification or shelving scheme Dewey Decimal Classification
Item type English Books
Classification part 347.5406
Call number suffix JOG
Holdings
Withdrawn status Lost status Not for loan Collection code Home library Current library Date acquired Cost, normal purchase price Full call number Barcode Cost, replacement price Koha item type
      Non-fiction Sarojini Nagar Sarojini Nagar 06/06/2012 350.00 347.5406 JOG B-90315 350.00 English Books

© Delhi Public Library
Hit Counter
free hit counter